000 00882cam a2200253 i 4500
001 bg
003 KOSZ 005
005 20190924141959.0
008 051212s1974 pl a |000 0 pol
015 _aPB 1974/2650
040 _aWA N
_cKOSZ 005/HR
_dKOSZ 005/HR
080 _a54
080 _a(076)
245 0 0 _aĆwiczenia z chemii ogólnej i nieorganicznej :
_bpraca zbiorowa.
_nCz. 1 /
_cpod red. Andrzeja Rokosza ; [aut. Janina Chojnacka et al.].
260 _aWarszawa :
_bPańst. Wydaw. Naukowe,
_c1974.
300 _a183, [1] s. :
_bil., err. ;
_c24 cm.
504 _aBibliogr.
655 4 _aĆwiczenia i zadania
650 4 _aChemia
700 1 _aRokosz, Andrzej
_d(1927- ).
_eRed.
700 1 _aChojnacka, Janina.
856 _uhttp://koha.tu.koszalin.pl/cgi-bin/koha/opac-detail.pl?biblionumber=34838
_yKatalog online BPK
942 _2UKD
_cKS
999 _c34838
_d34838